[Event "DEM U10w 2025"]
[Site "Willingen GER"]
[Date "2025.06.10"]
[Round "4"]
[White "Bashirova, Sona"]
[Black "Vignesh, Sara"]
[Result "0-1"]
[Termination "normal"]
[Board "1"]
[WhiteElo "1639"]
[BlackElo "1604"]
[WhiteClock "00:17:48"]
[BlackClock "00:32:42"]
[PlyCount "118"]
[WhiteFideId "34664033"]
[BlackFideId "34674756"]
[EventCountry "GER"]
[EventRounds "9"]
[EventType "swiss"]
[EventDate "2025.06.07"]

1. d4 {[%clk 01:30:58]} {[%emt 00:00:02]} Nf6 {[%emt 00:00:06]} 2. Bf4 {[%clk
01:31:20]} {[%emt 00:00:06]} d5 {[%clk 01:31:24]} {[%emt 00:00:03]} 3. e3
{[%clk 01:31:38]} {[%emt 00:00:11]} c5 {[%clk 01:31:49]} {[%emt 00:00:05]} 4.
c3 {[%clk 01:31:59]} {[%emt 00:00:10]} Nc6 {[%emt 00:00:35]} 5. Nd2 {[%clk
01:30:45]} {[%emt 00:01:42]} Qb6 {[%clk 01:30:56]} {[%emt 00:01:18]} 6. Qb3
{[%clk 01:27:28]} {[%emt 00:03:47]} c4 {[%clk 01:29:55]} {[%emt 00:01:31]} 7.
Qc2 {[%clk 01:25:32]} {[%emt 00:02:26]} Bg4 {[%clk 01:28:05]} {[%emt 00:02:21]}
8. b3 {[%clk 01:19:31]} {[%emt 00:06:32]} cxb3 {[%clk 01:23:09]} {[%emt
00:05:25]} 9. Nxb3 {[%clk 01:18:31]} {[%emt 00:01:29]} e6 {[%clk 01:19:33]}
{[%emt 00:04:06]} 10. Bd3 {[%clk 01:16:47]} {[%emt 00:02:14]} Be7 {[%clk
01:16:31]} {[%emt 00:03:32]} 11. Ne2 {[%clk 01:14:58]} {[%emt 00:02:20]} Rc8
{[%clk 01:15:07]} {[%emt 00:01:54]} 12. a3 {[%clk 01:03:32]} {[%emt 00:11:57]}
a6 {[%clk 01:03:47]} {[%emt 00:11:49]} 13. c4 {[%clk 00:52:04]} {[%emt
00:11:58]} Na5 {[%clk 00:51:49]} {[%emt 00:12:26]} 14. Rb1 {[%clk 00:33:46]}
{[%emt 00:18:50]} dxc4 {[%clk 00:46:38]} {[%emt 00:05:40]} 15. Nd2 {[%clk
00:25:57]} {[%emt 00:08:20]} Qc6 {[%clk 00:39:43]} {[%emt 00:07:21]} 16. Be4
{[%clk 00:23:56]} {[%emt 00:02:33]} Nxe4 {[%clk 00:37:32]} {[%emt 00:02:43]}
17. Qxe4 {[%clk 00:20:48]} {[%emt 00:03:36]} c3 {[%clk 00:33:03]} {[%emt
00:05:01]} 18. Qxc6+ {[%clk 00:20:45]} {[%emt 00:00:33]} Rxc6 {[%clk 00:32:29]}
{[%emt 00:01:04]} 19. Ne4 {[%clk 00:13:05]} {[%emt 00:08:10]} c2 {[%clk
00:30:15]} {[%emt 00:02:43]} 20. Ra1 {[%clk 00:10:12]} {[%emt 00:03:24]} Bxe2
{[%clk 00:29:32]} {[%emt 00:01:13]} 21. Kxe2 {[%clk 00:10:38]} {[%emt
00:00:04]} Nb3 {[%clk 00:29:53]} {[%emt 00:00:09]} 22. Rac1 {[%clk 00:09:32]}
{[%emt 00:01:36]} Nxc1+ {[%emt 00:00:13]} 23. Rxc1 {[%clk 00:09:58]} {[%emt
00:00:03]} Bxa3 {[%clk 00:30:24]} {[%emt 00:00:17]} 24. Kd2 {[%clk 00:09:39]}
{[%emt 00:00:50]} Bxc1+ {[%clk 00:30:01]} {[%emt 00:00:52]} 25. Kxc1 {[%clk
00:10:03]} {[%emt 00:00:05]} O-O {[%clk 00:28:56]} {[%emt 00:01:36]} 26. Nc5
{[%clk 00:10:13]} {[%emt 00:00:20]} Rxc5 {[%clk 00:28:42]} {[%emt 00:00:44]}
27. dxc5 {[%clk 00:10:38]} {[%emt 00:00:05]} Rc8 {[%clk 00:29:07]} {[%emt
00:00:05]} 28. Bd6 {[%clk 00:11:04]} {[%emt 00:00:04]} Rc6 {[%clk 00:29:19]}
{[%emt 00:00:18]} 29. Kxc2 {[%clk 00:11:29]} {[%emt 00:00:04]} b6 {[%clk
00:29:20]} {[%emt 00:00:29]} 30. Kd3 {[%clk 00:10:40]} {[%emt 00:01:20]} bxc5
{[%clk 00:29:33]} {[%emt 00:00:17]} 31. Be5 {[%clk 00:10:52]} {[%emt 00:00:18]}
f6 {[%clk 00:29:48]} {[%emt 00:00:16]} 32. Bc3 {[%clk 00:11:19]} {[%emt
00:00:02]} Kf7 {[%clk 00:30:14]} {[%emt 00:00:04]} 33. Kc4 {[%clk 00:11:36]}
{[%emt 00:00:13]} Ke7 {[%clk 00:30:19]} {[%emt 00:00:24]} 34. Ba5 {[%clk
00:11:53]} {[%emt 00:00:14]} Kd7 {[%clk 00:29:18]} {[%emt 00:01:30]} 35. h3
{[%clk 00:12:11]} {[%emt 00:00:14]} h5 {[%clk 00:28:03]} {[%emt 00:01:42]} 36.
h4 {[%clk 00:12:38]} {[%emt 00:00:04]} g6 {[%clk 00:27:53]} {[%emt 00:00:41]}
37. g3 {[%clk 00:13:02]} {[%emt 00:00:07]} f5 {[%clk 00:28:14]} {[%emt
00:00:09]} 38. f4 {[%clk 00:13:26]} {[%emt 00:00:05]} Rc8 {[%clk 00:28:28]}
{[%emt 00:00:13]} 39. Bb6 {[%clk 00:13:47]} {[%emt 00:00:12]} Kd6 {[%clk
00:26:55]} {[%emt 00:02:04]} 40. Ba5 {[%clk 00:13:10]} {[%emt 00:01:06]} Rb8
{[%clk 00:27:13]} {[%emt 00:00:12]} 41. Bc3 {[%clk 00:13:16]} {[%emt 00:00:24]}
Rb1 {[%clk 00:27:21]} {[%emt 00:00:22]} 42. Bg7 {[%clk 00:13:11]} {[%emt
00:00:34]} Rc1+ {[%clk 00:27:15]} {[%emt 00:00:37]} 43. Kd3 {[%clk 00:13:27]}
{[%emt 00:00:14]} Rg1 {[%clk 00:27:28]} {[%emt 00:00:17]} 44. Ke2 {[%clk
00:13:23]} {[%emt 00:00:34]} Rxg3 {[%clk 00:27:31]} {[%emt 00:00:28]} 45. Kf2
{[%clk 00:13:46]} {[%emt 00:00:07]} Rg4 {[%clk 00:27:55]} {[%emt 00:00:06]} 46.
Bf6 {[%clk 00:14:11]} {[%emt 00:00:04]} Kd5 {[%clk 00:28:18]} {[%emt 00:00:07]}
47. Ke2 {[%clk 00:14:34]} {[%emt 00:00:08]} Ke4 {[%emt 00:00:10]} 48. Kf2
{[%clk 00:14:25]} {[%emt 00:00:38]} Kd3 {[%clk 00:28:47]} {[%emt 00:00:21]} 49.
Be7 {[%clk 00:14:43]} {[%emt 00:00:12]} c4 {[%clk 00:29:12]} {[%emt 00:00:06]}
50. Bf6 {[%clk 00:15:10]} {[%emt 00:00:03]} c3 {[%clk 00:29:37]} {[%emt
00:00:04]} 51. Bxc3 {[%clk 00:15:33]} {[%emt 00:00:07]} Kxc3 {[%clk 00:30:01]}
{[%emt 00:00:07]} 52. Kf3 {[%clk 00:15:17]} {[%emt 00:00:45]} Kd3 {[%clk
00:30:12]} {[%emt 00:00:19]} 53. Kf2 {[%clk 00:15:41]} {[%emt 00:00:06]} a5
{[%clk 00:30:36]} {[%emt 00:00:06]} 54. Ke1 {[%clk 00:16:00]} {[%emt 00:00:04]}
Kxe3 {[%clk 00:31:01]} {[%emt 00:00:13]} 55. Kd1 {[%clk 00:16:25]} {[%emt
00:00:04]} Rg2 {[%clk 00:31:24]} {[%emt 00:00:07]} 56. Kc1 {[%clk 00:16:50]}
{[%emt 00:00:05]} Kd3 {[%clk 00:31:50]} {[%emt 00:00:05]} 57. Kb1 {[%clk
00:17:10]} {[%emt 00:00:10]} Kc3 {[%clk 00:32:16]} {[%emt 00:00:04]} 58. Ka1
{[%clk 00:17:27]} {[%emt 00:00:13]} Kb3 {[%clk 00:32:42]} {[%emt 00:00:04]} 59.
Kb1 {[%clk 00:17:48]} {[%emt 00:00:09]} Rg1# {[%emt 00:00:11]} 0-1

[Event "DEM U10w 2025"]
[Site "Willingen GER"]
[Date "2025.06.10"]
[Round "4"]
[White "Giss, Annika"]
[Black "Elsayed Esam, Sally"]
[Result "0-1"]
[Termination "normal"]
[Board "2"]
[WhiteElo "1520"]
[BlackElo "1623"]
[WhiteClock "00:31:50"]
[BlackClock "00:37:32"]
[PlyCount "128"]
[WhiteFideId "34673148"]
[BlackFideId "34662170"]
[EventCountry "GER"]
[EventRounds "9"]
[EventType "swiss"]
[EventDate "2025.06.07"]

1. e4 {[%clk 01:30:59]} {[%emt 14:26:42]} d6 {[%clk 01:30:42]} {[%emt
00:00:18]} 2. Nc3 {[%clk 01:31:21]} {[%emt 00:00:09]} Nf6 {[%clk 01:30:52]}
{[%emt 00:00:19]} 3. d3 {[%clk 01:30:35]} {[%emt 00:01:15]} g6 {[%clk
01:31:00]} {[%emt 00:00:22]} 4. g3 {[%clk 01:30:42]} {[%emt 00:00:24]} Bg7
{[%clk 01:30:50]} {[%emt 00:00:40]} 5. Bg2 {[%clk 01:29:33]} {[%emt 00:01:38]}
O-O {[%clk 01:29:57]} {[%emt 00:01:24]} 6. f4 {[%clk 01:29:40]} {[%emt
00:00:23]} e6 {[%clk 01:21:07]} {[%emt 00:09:20]} 7. Nf3 {[%clk 01:27:23]}
{[%emt 00:02:46]} Nfd7 {[%clk 01:19:51]} {[%emt 00:01:47]} 8. O-O {[%clk
01:24:44]} {[%emt 00:03:09]} f5 {[%clk 01:19:07]} {[%emt 00:01:13]} 9. Ng5
{[%clk 01:12:44]} {[%emt 00:12:30]} Nb6 {[%clk 01:14:01]} {[%emt 00:05:37]} 10.
exf5 {[%clk 01:07:44]} {[%emt 00:05:30]} exf5 {[%clk 01:13:10]} {[%emt
00:01:21]} 11. Nd5 {[%clk 01:04:07]} {[%emt 00:04:07]} c6 {[%clk 01:08:41]}
{[%emt 00:04:59]} 12. Nc3 {[%clk 01:01:50]} {[%emt 00:02:47]} h6 {[%clk
01:07:09]} {[%emt 00:02:02]} 13. Nf3 {[%clk 00:56:11]} {[%emt 00:06:08]} N8d7
{[%clk 01:01:13]} {[%emt 00:06:26]} 14. Be3 {[%clk 00:50:24]} {[%emt 00:06:18]}
Nf6 {[%clk 00:54:48]} {[%emt 00:06:55]} 15. Re1 {[%clk 00:46:32]} {[%emt
00:04:21]} Re8 {[%clk 00:50:22]} {[%emt 00:04:57]} 16. d4 {[%clk 00:39:39]}
{[%emt 00:07:23]} Nc4 {[%clk 00:44:40]} {[%emt 00:06:12]} 17. Bc1 {[%clk
00:31:03]} {[%emt 00:09:06]} Ng4 {[%clk 00:41:02]} {[%emt 00:04:07]} 18. Rxe8+
{[%clk 00:26:38]} {[%emt 00:04:55]} Qxe8 {[%clk 00:41:22]} {[%emt 00:00:10]}
19. h3 {[%clk 00:23:37]} {[%emt 00:03:32]} Nge3 {[%clk 00:33:19]} {[%emt
00:08:33]} 20. Bxe3 {[%clk 00:23:15]} {[%emt 00:00:52]} Qxe3+ {[%clk 00:28:04]}
{[%emt 00:05:45]} 21. Kh2 {[%clk 00:22:08]} {[%emt 00:01:36]} Nxb2 {[%clk
00:25:00]} {[%emt 00:03:34]} 22. Qe1 {[%clk 00:18:58]} {[%emt 00:03:39]} Qxe1
{[%clk 00:25:01]} {[%emt 00:00:30]} 23. Rxe1 {[%clk 00:19:22]} {[%emt
00:00:06]} Kf7 {[%clk 00:25:16]} {[%emt 00:00:15]} 24. Bf1 {[%clk 00:17:38]}
{[%emt 00:02:13]} b5 {[%clk 00:22:04]} {[%emt 00:03:44]} 25. Rb1 {[%clk
00:16:42]} {[%emt 00:01:26]} Nc4 {[%clk 00:20:14]} {[%emt 00:02:19]} 26. Bxc4+
{[%clk 00:16:07]} {[%emt 00:01:05]} bxc4 {[%clk 00:20:07]} {[%emt 00:00:38]}
27. Rb4 {[%clk 00:14:25]} {[%emt 00:02:13]} c5 {[%clk 00:15:42]} {[%emt
00:04:54]} 28. Rxc4 {[%clk 00:13:25]} {[%emt 00:01:30]} cxd4 {[%clk 00:15:59]}
{[%emt 00:00:13]} 29. Nxd4 {[%clk 00:13:10]} {[%emt 00:00:45]} Bxd4 {[%clk
00:12:29]} {[%emt 00:03:59]} 30. Rxd4 {[%clk 00:13:26]} {[%emt 00:00:14]} Ke7
{[%clk 00:10:31]} {[%emt 00:02:29]} 31. Nb5 {[%clk 00:09:55]} {[%emt 00:04:01]}
Be6 {[%clk 00:08:50]} {[%emt 00:02:10]} 32. a3 {[%clk 00:08:39]} {[%emt
00:01:47]} a6 {[%clk 00:07:18]} {[%emt 00:02:01]} 33. Nc3 {[%clk 00:06:12]}
{[%emt 00:02:57]} Rc8 {[%clk 00:07:08]} {[%emt 00:00:40]} 34. Rd3 {[%clk
00:06:13]} {[%emt 00:00:29]} Rd8 {[%clk 00:05:58]} {[%emt 00:01:40]} 35. Kg2
{[%clk 00:05:35]} {[%emt 00:01:08]} d5 {[%clk 00:06:03]} {[%emt 00:00:25]} 36.
Ne2 {[%clk 00:05:06]} {[%emt 00:00:59]} Rc8 {[%clk 00:06:08]} {[%emt 00:00:25]}
37. Nd4 {[%clk 00:04:10]} {[%emt 00:01:26]} Kd6 {[%clk 00:05:32]} {[%emt
00:01:05]} 38. Kf3 {[%clk 00:04:00]} {[%emt 00:00:41]} Bd7 {[%clk 00:05:30]}
{[%emt 00:00:31]} 39. c3 {[%clk 00:03:05]} {[%emt 00:01:26]} Kc5 {[%clk
00:05:17]} {[%emt 00:00:41]} 40. Ke3 {[%clk 00:02:50]} {[%emt 00:00:48]} Kb6
{[%clk 00:05:14]} {[%emt 00:00:30]} 41. Nb3 {[%clk 00:01:40]} {[%emt 00:01:43]}
Bb5 {[%clk 00:05:02]} {[%emt 00:00:42]} 42. Rxd5 {[%clk 00:28:30]} {[%emt
00:03:40]} Rxc3+ {[%clk 00:35:25]} {[%emt 00:00:07]} 43. Kf2 {[%clk 00:28:36]}
{[%emt 00:00:15]} Rxb3 {[%clk 00:35:44]} {[%emt 00:00:18]} 44. Rd6+ {[%clk
00:29:00]} {[%emt 00:00:07]} Ka5 {[%clk 00:35:53]} {[%emt 00:00:22]} 45. Rxg6
{[%clk 00:29:22]} {[%emt 00:00:07]} Rxa3 {[%clk 00:35:43]} {[%emt 00:00:41]}
46. Rxh6 {[%clk 00:29:44]} {[%emt 00:00:08]} Kb4 {[%clk 00:36:06]} {[%emt
00:00:06]} 47. Rf6 {[%clk 00:29:36]} {[%emt 00:00:38]} Ra2+ {[%clk 00:36:21]}
{[%emt 00:00:11]} 48. Kf3 {[%clk 00:29:45]} {[%emt 00:00:24]} a5 {[%clk
00:36:40]} {[%emt 00:00:13]} 49. h4 {[%clk 00:29:55]} {[%emt 00:00:19]} a4
{[%clk 00:36:59]} {[%emt 00:00:12]} 50. Rxf5 {[%clk 00:29:53]} {[%emt
00:00:32]} a3 {[%clk 00:37:19]} {[%emt 00:00:10]} 51. h5 {[%clk 00:30:12]}
{[%emt 00:00:10]} Rh2 {[%clk 00:37:40]} {[%emt 00:00:08]} 52. Re5 {[%clk
00:30:26]} {[%emt 00:00:18]} a2 {[%clk 00:37:26]} {[%emt 00:00:44]} 53. Re1
{[%clk 00:30:50]} {[%emt 00:00:05]} Rxh5 {[%clk 00:37:43]} {[%emt 00:00:12]}
54. g4 {[%clk 00:31:09]} {[%emt 00:00:12]} Rh2 {[%clk 00:37:50]} {[%emt
00:00:22]} 55. g5 {[%clk 00:31:18]} {[%emt 00:00:23]} Rb2 {[%clk 00:38:06]}
{[%emt 00:00:13]} 56. Ra1 {[%clk 00:31:25]} {[%emt 00:00:23]} Bc4 {[%clk
00:38:29]} {[%emt 00:00:07]} 57. f5 {[%clk 00:30:54]} {[%emt 00:01:02]} Rb1
{[%clk 00:38:51]} {[%emt 00:00:06]} 58. Rxa2 {[%clk 00:31:16]} {[%emt
00:00:09]} Bxa2 {[%clk 00:39:14]} {[%emt 00:00:07]} 59. Kf4 {[%clk 00:31:38]}
{[%emt 00:00:08]} Kc5 {[%clk 00:39:37]} {[%emt 00:00:07]} 60. f6 {[%clk
00:31:23]} {[%emt 00:00:46]} Kd6 {[%clk 00:38:47]} {[%emt 00:01:18]} 61. g6
{[%clk 00:31:36]} {[%emt 00:00:18]} Ke6 {[%clk 00:38:39]} {[%emt 00:00:37]} 62.
f7 {[%clk 00:31:49]} {[%emt 00:00:19]} Ke7 {[%clk 00:38:27]} {[%emt 00:00:41]}
63. Kg5 {[%clk 00:31:26]} {[%emt 00:00:54]} Bxf7 {[%clk 00:38:44]} {[%emt
00:00:12]} 64. g7 {[%clk 00:31:50]} {[%emt 00:00:07]} Rg1+ {[%clk 00:37:32]}
{[%emt 00:01:40]} 0-1

[Event "DEM U10w 2025"]
[Site "Willingen GER"]
[Date "2025.06.10"]
[Round "4"]
[White "Ruddat, Maila"]
[Black "Sigacheva, Varvara"]
[Result "0-1"]
[Termination "normal"]
[Board "3"]
[WhiteElo "1573"]
[BlackElo "1453"]
[WhiteClock "00:44:19"]
[BlackClock "00:07:00"]
[PlyCount "170"]
[WhiteFideId "34628100"]
[BlackFideId "522079416"]
[EventCountry "GER"]
[EventRounds "9"]
[EventType "swiss"]
[EventDate "2025.06.07"]

1. e4 {[%clk 01:30:13]} {[%emt 00:00:46]} c6 {[%clk 01:30:53]} {[%emt
00:00:07]} 2. d4 {[%clk 01:30:07]} {[%emt 00:00:37]} d5 {[%clk 01:31:05]}
{[%emt 00:00:18]} 3. e5 {[%clk 01:29:49]} {[%emt 00:00:48]} Bf5 {[%clk
01:29:37]} {[%emt 00:01:57]} 4. g4 {[%clk 01:28:55]} {[%emt 00:01:24]} Bg6
{[%clk 01:12:05]} {[%emt 00:17:36]} 5. Ne2 {[%clk 01:28:14]} {[%emt 00:01:38]}
e6 {[%clk 00:50:25]} {[%emt 00:22:10]} 6. Nf4 {[%clk 01:27:31]} {[%emt
00:01:13]} Be7 {[%clk 00:47:53]} {[%emt 00:03:01]} 7. Bd3 {[%clk 01:26:45]}
{[%emt 00:01:16]} Bxd3 {[%clk 00:48:06]} {[%emt 00:00:17]} 8. Qxd3 {[%clk
01:26:36]} {[%emt 00:00:39]} Nd7 {[%clk 00:45:50]} {[%emt 00:02:46]} 9. Nd2
{[%clk 01:24:00]} {[%emt 00:03:06]} Qc7 {[%clk 00:40:23]} {[%emt 00:05:57]} 10.
b3 {[%clk 01:22:22]} {[%emt 00:02:08]} O-O-O {[%clk 00:34:53]} {[%emt
00:05:59]} 11. Bb2 {[%clk 01:22:09]} {[%emt 00:00:44]} Bg5 {[%clk 00:33:02]}
{[%emt 00:02:21]} 12. Qf3 {[%clk 01:17:30]} {[%emt 00:05:08]} Kb8 {[%clk
00:29:25]} {[%emt 00:04:08]} 13. h4 {[%clk 01:16:28]} {[%emt 00:01:31]} Bxf4
{[%clk 00:28:36]} {[%emt 00:01:20]} 14. Qxf4 {[%clk 01:16:44]} {[%emt
00:00:14]} Nb6 {[%clk 00:26:37]} {[%emt 00:02:29]} 15. Ba3 {[%clk 01:13:49]}
{[%emt 00:03:26]} Ka8 {[%clk 00:24:41]} {[%emt 00:02:25]} 16. Bd6 {[%clk
01:13:38]} {[%emt 00:00:41]} Qd7 {[%clk 00:24:33]} {[%emt 00:00:37]} 17. c4
{[%clk 01:11:20]} {[%emt 00:02:50]} dxc4 {[%clk 00:24:30]} {[%emt 00:00:33]}
18. bxc4 {[%clk 01:10:36]} {[%emt 00:01:13]} h6 {[%clk 00:19:34]} {[%emt
00:05:25]} 19. a4 {[%clk 01:09:38]} {[%emt 00:01:28]} Nc8 {[%clk 00:18:30]}
{[%emt 00:01:35]} 20. c5 {[%clk 01:08:01]} {[%emt 00:02:06]} Qe8 {[%clk
00:16:52]} {[%emt 00:02:08]} 21. a5 {[%clk 01:07:01]} {[%emt 00:01:31]} a6
{[%clk 00:16:13]} {[%emt 00:01:09]} 22. Nc4 {[%clk 01:05:41]} {[%emt 00:01:50]}
Rd7 {[%clk 00:14:07]} {[%emt 00:02:37]} 23. Rb1 {[%clk 01:04:19]} {[%emt
00:01:52]} Qd8 {[%clk 00:11:32]} {[%emt 00:02:59]} 24. Nb6+ {[%clk 01:01:49]}
{[%emt 00:03:05]} Nxb6 {[%clk 00:11:50]} {[%emt 00:00:13]} 25. Rxb6 {[%clk
01:02:07]} {[%emt 00:00:12]} Qe8 {[%clk 00:09:37]} {[%emt 00:02:43]} 26. Ke2
{[%clk 01:01:50]} {[%emt 00:00:47]} Ne7 {[%clk 00:09:11]} {[%emt 00:00:56]} 27.
Qf3 {[%clk 00:58:54]} {[%emt 00:03:24]} Nd5 {[%clk 00:09:02]} {[%emt 00:00:40]}
28. Rb2 {[%clk 00:57:05]} {[%emt 00:02:18]} Qg8 {[%clk 00:07:34]} {[%emt
00:01:59]} 29. Rhb1 {[%clk 00:56:42]} {[%emt 00:00:52]} Qd8 {[%clk 00:05:24]}
{[%emt 00:02:41]} 30. h5 {[%clk 00:56:35]} {[%emt 00:00:38]} Qxa5 {[%clk
00:03:43]} {[%emt 00:02:11]} 31. Rb3 {[%clk 00:55:48]} {[%emt 00:01:13]} Qd8
{[%clk 00:03:48]} {[%emt 00:00:29]} 32. Ra3 {[%clk 00:53:53]} {[%emt 00:02:24]}
Qc8 {[%clk 00:02:10]} {[%emt 00:02:05]} 33. Qb3 {[%clk 00:50:51]} {[%emt
00:03:30]} Ka7 {[%clk 00:01:22]} {[%emt 00:01:24]} 34. Rba1 {[%clk 00:50:22]}
{[%emt 00:00:58]} Nf4+ {[%clk 00:01:02]} {[%emt 00:00:50]} 35. Kf3 {[%clk
00:50:07]} {[%emt 00:00:44]} Nd5 {[%clk 00:01:13]} {[%emt 00:00:20]} 36. Qa2
{[%clk 00:49:46]} {[%emt 00:00:50]} Rg8 {[%clk 00:01:04]} {[%emt 00:00:39]} 37.
Qc4 {[%clk 00:45:59]} {[%emt 00:04:18]} Rh8 {[%clk 00:00:44]} {[%emt 00:00:49]}
38. Rb3 {[%clk 00:44:34]} {[%emt 00:01:56]} Rg8 {[%clk 00:00:50]} {[%emt
00:00:25]} 39. Rba3 {[%clk 00:40:45]} {[%emt 00:04:17]} Re8 {[%clk 00:00:53]}
{[%emt 00:00:27]} 40. Qa4 {[%clk 00:39:03]} {[%emt 00:02:13]} Rg8 {[%clk
00:00:52]} {[%emt 00:00:31]} 41. Qa5 {[%clk 00:37:19]} {[%emt 00:02:13]} Rh8
{[%clk 00:00:50]} {[%emt 00:00:34]} 42. Rb1 {[%clk 00:36:45]} {[%emt 00:01:03]}
Rg8 {[%clk 00:00:38]} {[%emt 00:00:42]} 43. Rab3 {[%clk 00:36:04]} {[%emt
00:01:11]} Qd8 {[%clk 00:25:42]} {[%emt 00:05:26]} 44. Qa4 {[%clk 00:57:57]}
{[%emt 00:08:33]} Qg5 {[%clk 00:21:33]} {[%emt 00:04:43]} 45. Ra1 {[%clk
00:56:14]} {[%emt 00:02:12]} Qf4+ {[%clk 00:20:55]} {[%emt 00:01:09]} 46. Ke2
{[%clk 00:56:22]} {[%emt 00:00:20]} Qe4+ {[%clk 00:17:53]} {[%emt 00:03:32]}
47. Kd2 {[%clk 00:54:30]} {[%emt 00:02:23]} Ra8 {[%clk 00:11:03]} {[%emt
00:07:10]} 48. Qa2 {[%clk 00:49:19]} {[%emt 00:05:53]} Qh7 {[%clk 00:03:51]}
{[%emt 00:07:41]} 49. Rxb7+ {[%clk 00:49:08]} {[%emt 00:00:42]} Kxb7 {[%clk
00:02:41]} {[%emt 00:01:40]} 50. Qb2+ {[%clk 00:47:41]} {[%emt 00:01:54]} Ka7
{[%clk 00:01:38]} {[%emt 00:01:36]} 51. Qa2 {[%clk 00:41:33]} {[%emt 00:06:37]}
Nb4 {[%clk 00:01:13]} {[%emt 00:00:55]} 52. Qc4 {[%clk 00:39:57]} {[%emt
00:02:04]} Qc2+ {[%clk 00:00:42]} {[%emt 00:01:02]} 53. Qxc2 {[%clk 00:40:13]}
{[%emt 00:00:15]} Nxc2 {[%clk 00:01:09]} {[%emt 00:00:04]} 54. Kxc2 {[%clk
00:40:35]} {[%emt 00:00:08]} Rdd8 {[%clk 00:00:52]} {[%emt 00:00:46]} 55. Rb1
{[%clk 00:40:53]} {[%emt 00:00:12]} a5 {[%clk 00:00:56]} {[%emt 00:00:26]} 56.
Rb6 {[%clk 00:40:35]} {[%emt 00:00:46]} Rac8 {[%clk 00:00:40]} {[%emt
00:00:46]} 57. Kb3 {[%clk 00:40:35]} {[%emt 00:00:30]} Rd7 {[%clk 00:00:52]}
{[%emt 00:00:20]} 58. Ka4 {[%clk 00:40:31]} {[%emt 00:00:34]} Rb7 {[%clk
00:00:44]} {[%emt 00:00:38]} 59. Kxa5 {[%clk 00:40:34]} {[%emt 00:00:26]} Rxb6
{[%clk 00:01:04]} {[%emt 00:00:11]} 60. cxb6+ {[%clk 00:40:37]} {[%emt
00:00:27]} Kb7 {[%clk 00:01:16]} {[%emt 00:00:18]} 61. Bc7 {[%clk 00:40:58]}
{[%emt 00:00:09]} Ra8+ {[%clk 00:01:34]} {[%emt 00:00:11]} 62. Kb4 {[%clk
00:41:13]} {[%emt 00:00:13]} Ra2 {[%clk 00:01:53]} {[%emt 00:00:13]} 63. f4
{[%clk 00:41:29]} {[%emt 00:00:15]} Rf2 {[%clk 00:02:13]} {[%emt 00:00:11]} 64.
f5 {[%clk 00:40:58]} {[%emt 00:01:00]} exf5 {[%clk 00:02:36]} {[%emt 00:00:07]}
65. gxf5 {[%clk 00:41:07]} {[%emt 00:00:21]} Rxf5 {[%clk 00:03:02]} {[%emt
00:00:05]} 66. Kc5 {[%clk 00:41:28]} {[%emt 00:00:09]} Rxh5 {[%clk 00:03:11]}
{[%emt 00:00:20]} 67. Kd6 {[%clk 00:41:47]} {[%emt 00:00:10]} Rf5 {[%clk
00:03:28]} {[%emt 00:00:13]} 68. d5 {[%clk 00:41:34]} {[%emt 00:00:44]} cxd5
{[%clk 00:03:51]} {[%emt 00:00:07]} 69. Kxd5 {[%clk 00:41:57]} {[%emt
00:00:07]} h5 {[%clk 00:04:05]} {[%emt 00:00:17]} 70. Kd6 {[%clk 00:41:56]}
{[%emt 00:00:30]} h4 {[%clk 00:04:10]} {[%emt 00:00:25]} 71. Ke7 {[%clk
00:41:59]} {[%emt 00:00:27]} h3 {[%clk 00:04:22]} {[%emt 00:00:18]} 72. Kf8
{[%clk 00:42:13]} {[%emt 00:00:15]} g5 {[%clk 00:04:39]} {[%emt 00:00:14]} 73.
Ke7 {[%clk 00:42:30]} {[%emt 00:00:13]} g4 {[%clk 00:04:50]} {[%emt 00:00:19]}
74. e6 {[%clk 00:42:35]} {[%emt 00:00:25]} fxe6 {[%clk 00:05:16]} {[%emt
00:00:05]} 75. Kxe6 {[%clk 00:42:58]} {[%emt 00:00:06]} Rh5 {[%clk 00:05:36]}
{[%emt 00:00:08]} 76. Kd7 {[%clk 00:43:09]} {[%emt 00:00:21]} h2 {[%clk
00:05:55]} {[%emt 00:00:11]} 77. Bxh2 {[%clk 00:43:15]} {[%emt 00:00:25]} Rxh2
{[%clk 00:06:13]} {[%emt 00:00:11]} 78. Kd6 {[%clk 00:43:36]} {[%emt 00:00:09]}
g3 {[%clk 00:06:35]} {[%emt 00:00:08]} 79. Kc5 {[%clk 00:43:58]} {[%emt
00:00:08]} g2 {[%clk 00:07:00]} {[%emt 00:00:04]} 80. Kd5 {[%clk 00:44:19]}
{[%emt 00:00:09]} g1=Q {[%clk 00:07:17]} {[%emt 00:00:13]} 81. Ke5 {[%clk
00:44:32]} {[%emt 00:00:18]} Re2+ {[%clk 00:07:39]} {[%emt 00:00:09]} 82. Kd5
{[%clk 00:44:50]} {[%emt 00:00:11]} Qd1+ {[%clk 00:08:05]} {[%emt 00:00:04]}
83. Kc5 {[%clk 00:45:03]} {[%emt 00:00:17]} Rc2+ {[%clk 00:08:30]} {[%emt
00:00:05]} 84. Kb5 {[%clk 00:45:24]} {[%emt 00:00:07]} Qb1+ {[%clk 00:08:56]}
{[%emt 00:00:06]} 85. Ka5 {[%clk 00:45:46]} {[%emt 00:00:08]} Ra2# {[%clk
00:09:24]} {[%emt 00:00:03]} 0-1